[Event "North County CC op 196th"]
[Site "San Diego"]
[Date "2005.08.05"]
[Round "1"]
[White "Ross, Michael"]
[Black "Cunningham, Stephen"]
[Result "0-1"]
[WhiteElo "1446"]
[BlackElo "1790"]
[PlyCount "98"]
[EventDate "2005.08.05"]
[EventType "swiss"]
[EventRounds "5"]
[EventCountry "USA"]
[SourceTitle "EXT 2009"]
[Source "ChessBase"]
[SourceDate "2008.11.26"]
[SourceVersion "1"]
[SourceVersionDate "2008.11.26"]
[SourceQuality "1"]

1. d4 Nf6 2. Nf3 g6 3. c4 Bg7 4. Bf4 0-0 5. e3 c5 6. Nc3 Na6 7. Be2 d6 8. 0-0 Nh5 9. Bg5 h6 10. Bh4 g5 11. Bxg5 hxg5 12. Nxg5 Nf6 13. Nd5 Nxd5 14. cxd5 Bf5 15. Bd3 e6 16. Qh5 Qf6 17. Bxf5 Qxf5 18. e4 Qg6 19. Qxg6 fxg6 20. Nxe6 Rf7 21. dxc5 Nxc5 22. Ng5 Re7 23. f3 Bxb2 24. Rab1 Bd4+ 25. Kh1 Bf6 26. Ne6 b6 27. Rbd1 Rc8 28. Nf4 g5 29. Ne2 Rce8 30. g4 Be5 31. Kg2 Rh7 32. h3 Ree7 33. Nd4 Bxd4 34. Rxd4 Ref7 35. Rd2 Nd7 36. Rc2 Ne5 37. Rc8+ Rf8 38. Rxf8+ Kxf8 39. Kg3 Nd3 40. Rd1 Rxh3+ 41. Kxh3 Nf2+ 42. Kg3 Nxd1 43. f4 gxf4+ 44. Kxf4 Nc3 45. Kf5 Kf7 46. g5 a5 47. e5 dxe5 48. Kxe5 Na4 49. g6+ Kg7 0-1

[Event "North County CC op 195th"]
[Site "San Diego"]
[Date "2005.07.08"]
[Round "3"]
[White "Sullivan, Greg"]
[Black "Cunningham, Stephen"]
[Result "1/2-1/2"]
[WhiteElo "1789"]
[BlackElo "1794"]
[PlyCount "40"]
[EventDate "2005.06.24"]
[EventType "swiss"]
[EventRounds "5"]
[EventCountry "USA"]
[SourceTitle "EXT 2009"]
[Source "ChessBase"]
[SourceDate "2008.11.26"]
[SourceVersion "1"]
[SourceVersionDate "2008.11.26"]
[SourceQuality "1"]

1. d4 Nf6 2. c4 e5 3. d5 Bc5 4. e3 d6 5. Nf3 0-0 6. Be2 Nbd7 7. 0-0 Re8 8. Nc3 a6 9. e4 h6 10. h3 Bb4 11. Qc2 Bxc3 12. bxc3 Nc5 13. Bd3 Nxd3 14. Qxd3 Bd7 15. a4 Rb8 16. Be3 b6 17. a5 b5 18. Rfb1 c5 19. cxb5 Bxb5 20. c4 Bd7 1/2-1/2

[Event "North County CC op 191st"]
[Site "San Diego"]
[Date "2005.02.25"]
[Round "5"]
[White "Boyd, James"]
[Black "Cunningham, Stephen"]
[Result "1/2-1/2"]
[WhiteElo "1766"]
[BlackElo "1774"]
[PlyCount "85"]
[EventDate "2005.01.28"]
[EventType "swiss"]
[EventRounds "5"]
[EventCountry "USA"]
[SourceTitle "EXT 2009"]
[Source "ChessBase"]
[SourceDate "2008.11.26"]
[SourceVersion "1"]
[SourceVersionDate "2008.11.26"]
[SourceQuality "1"]

1. e4 c5 2. Nf3 Nc6 3. d4 cxd4 4. Nxd4 Nf6 5. Nc3 g6 6. Be3 Bg7 7. h3 a6 8. Qd2 d6 9. Nxc6 bxc6 10. Bc4 0-0 11. 0-0 Nxe4 12. Nxe4 d5 13. Rad1 Qc7 14. Bh6 Qe5 15. Bxd5 cxd5 16. Bxg7 Qxg7 17. Qxd5 Be6 18. Qd4 Qh6 19. Nc5 Bf5 20. Qd2 Qh4 21. g4 Bxg4 22. Qf4 Qxh3 23. Rd3 Qh5 24. Re1 Qf5 25. Qg3 Qxc5 26. Qxg4 Rad8 27. Rc3 Qd6 28. Qh4 Qd2 29. Kf1 Rd5 30. Qxe7 Rh5 31. Qe4 Qh6 32. Rce3 Rh4 33. Qc6 Qh5 34. Kg1 Rg4+ 35. Kf1 Rh4 36. Rg3 Rh1+ 37. Rg1 Rh2 38. b3 Qf5 39. Re2 Rd8 40. Ke1 Qa5+ 41. c3 Qa3 42. Rc2 Qe7+ 43. Re2 1/2-1/2

[Event "North County CC op 190th"]
[Site "San Diego"]
[Date "2005.01.07"]
[Round "3"]
[White "Hawks, Joe"]
[Black "Cunningham, Stephen"]
[Result "0-1"]
[WhiteElo "1342"]
[BlackElo "1782"]
[PlyCount "70"]
[EventDate "2004.12.10"]
[EventType "swiss"]
[EventRounds "5"]
[EventCountry "USA"]
[SourceTitle "EXT 2009"]
[Source "ChessBase"]
[SourceDate "2008.11.26"]
[SourceVersion "1"]
[SourceVersionDate "2008.11.26"]
[SourceQuality "1"]

1. d4 Nf6 2. c4 g6 3. Nc3 Bg7 4. Nf3 d6 5. e4 0-0 6. Be2 c6 7. 0-0 Nbd7 8. Bf4 Nh5 9. Be3 e5 10. Rb1 f5 11. dxe5 f4 12. Bc1 dxe5 13. Ne1 Nhf6 14. Nf3 Qe7 15. b3 Rd8 16. Qc2 Nf8 17. Bb2 Bg4 18. Ne1 Bxe2 19. Qxe2 Ne6 20. Nf3 g5 21. Rfd1 g4 22. Nxe5 Nd4 23. Rxd4 Rxd4 24. Nxg4 Rd7 25. Nxf6+ Bxf6 26. Qg4+ Qg7 27. Qxg7+ Kxg7 28. f3 Rad8 29. Rf1 Rd2 30. Bc1 Bd4+ 31. Kh1 Bxc3 32. Bxd2 Rxd2 33. a3 Ra2 34. Rc1 Rxa3 35. Rxc3 Ra1+ 0-1

[Event "North County CC op 185th"]
[Site "San Diego"]
[Date "2004.06.25"]
[Round "3"]
[White "Cunningham, Stephen"]
[Black "Mahaffey, Sam"]
[Result "1-0"]
[WhiteElo "1824"]
[BlackElo "1637"]
[PlyCount "55"]
[EventDate "2004.06.11"]
[EventType "swiss"]
[EventRounds "5"]
[EventCountry "USA"]
[SourceTitle "EXT 2009"]
[Source "ChessBase"]
[SourceDate "2008.11.26"]
[SourceVersion "1"]
[SourceVersionDate "2008.11.26"]
[SourceQuality "1"]

1. e4 e6 2. d4 d5 3. exd5 exd5 4. c4 dxc4 5. Bxc4 c6 6. Nf3 Bb4+ 7. Nc3 Nf6 8. Bxf7+ Kxf7 9. Qb3+ Nd5 10. Ne5+ Kf8 11. 0-0 Be7 12. Re1 Qd6 13. Ne4 Qc7 14. Bf4 Bd6 15. Nxd6 Qxd6 16. Bg3 g6 17. Nc4 Qd8 18. Bd6+ Kg8 19. Be5 Nd7 20. Bxh8 Kxh8 21. Nd6 Qf6 22. Re8+ Kg7 23. Rxc8 Rxc8 24. Nxc8 b6 25. Nxa7 Qxd4 26. Nxc6 Qc5 27. Rd1 Qxc6 28. Qxd5 1-0

[Event "North County CC op 185th"]
[Site "San Diego"]
[Date "2004.06.18"]
[Round "2"]
[White "Boyd, James"]
[Black "Cunningham, Stephen"]
[Result "1-0"]
[WhiteElo "1721"]
[BlackElo "1824"]
[PlyCount "65"]
[EventDate "2004.06.11"]
[EventType "swiss"]
[EventRounds "5"]
[EventCountry "USA"]
[SourceTitle "EXT 2009"]
[Source "ChessBase"]
[SourceDate "2008.11.26"]
[SourceVersion "1"]
[SourceVersionDate "2008.11.26"]
[SourceQuality "1"]

1. e4 d6 2. d4 Nf6 3. Bd3 g6 4. Nf3 Bg7 5. h3 Nbd7 6. Be3 c5 7. Qd2 cxd4 8. Bxd4 0-0 9. Nc3 Nc5 10. b4 Nxd3+ 11. cxd3 Bd7 12. Rc1 a6 13. g4 Bc6 14. Qb2 Ne8 15. a4 Bxd4 16. Nxd4 e5 17. Nxc6 bxc6 18. Ne2 Qb6 19. Qc3 Ng7 20. 0-0 Rac8 21. Rb1 Qd8 22. Kg2 f5 23. Qc4+ Kh8 24. Qxa6 fxg4 25. hxg4 Qg5 26. f3 Ne6 27. Qb6 Qd2 28. Qf2 Ng5 29. Nc1 Qf4 30. Ne2 Qd2 31. b5 cxb5 32. axb5 Rb8 33. Rb2 1-0

[Event "North County CC op 185th"]
[Site "San Diego"]
[Date "2004.06.11"]
[Round "1"]
[White "Cunningham, Stephen"]
[Black "Hawks, Joe"]
[Result "1-0"]
[WhiteElo "1824"]
[BlackElo "1471"]
[PlyCount "27"]
[EventDate "2004.06.11"]
[EventType "swiss"]
[EventRounds "5"]
[EventCountry "USA"]
[SourceTitle "EXT 2009"]
[Source "ChessBase"]
[SourceDate "2008.11.26"]
[SourceVersion "1"]
[SourceVersionDate "2008.11.26"]
[SourceQuality "1"]

1. e4 c5 2. Nf3 Nc6 3. d4 cxd4 4. Nxd4 e5 5. Nf3 Nf6 6. Nc3 Bb4 7. Bc4 0-0 8. Bg5 h6 9. Bh4 g5 10. Bg3 Nxe4 11. Qd3 Nxg3 12. Qg6+ Kh8 13. Qxh6+ Kg8 14. Qg6+ 1-0

[Event "North County CC op 184th"]
[Site "San Diego"]
[Date "2004.05.07"]
[Round "3"]
[White "Cunningham, Stephen"]
[Black "Fries, Thomas"]
[Result "0-1"]
[WhiteElo "1816"]
[BlackElo "1967"]
[PlyCount "74"]
[EventDate "2004.04.23"]
[EventType "swiss"]
[EventRounds "5"]
[EventCountry "USA"]
[SourceTitle "EXT 2009"]
[Source "ChessBase"]
[SourceDate "2008.11.26"]
[SourceVersion "1"]
[SourceVersionDate "2008.11.26"]
[SourceQuality "1"]

1. e4 c5 2. Nf3 g6 3. d4 Bg7 4. Nc3 cxd4 5. Nxd4 Nc6 6. Be3 Nf6 7. Bc4 0-0 8. 0-0 Ng4 9. Nxc6 Nxe3 10. Nxd8 Nxd1 11. Nxf7 Nxc3 12. bxc3 Rxf7 13. Bxf7+ Kxf7 14. Rab1 Bxc3 15. Rb3 Bd4 16. Rf3+ Kg7 17. Rd3 e5 18. c3 Bc5 19. Rb1 d6 20. g3 b6 21. Kg2 Ba6 22. Rd2 g5 23. g4 Kg6 24. Kg3 Rf8 25. h3 h5 26. f3 Bc4 27. a4 a5 28. Rbb2 Rf6 29. Rb1 Be3 30. Rdb2 d5 31. Re1 d4 32. Rbb1 Bd2 33. cxd4 Bxe1+ 34. Kg2 Bc3 35. dxe5 Bxe5 36. Rc1 Be2 37. gxh5+ Kxh5 0-1

[Event "North County CC op 183rd"]
[Site "San Diego"]
[Date "2004.03.26"]
[Round "2"]
[White "Fries, Thomas"]
[Black "Cunningham, Stephen"]
[Result "1/2-1/2"]
[WhiteElo "2015"]
[BlackElo "1818"]
[PlyCount "50"]
[EventDate "2004.03.12"]
[EventType "swiss"]
[EventRounds "5"]
[EventCountry "USA"]
[SourceTitle "EXT 2009"]
[Source "ChessBase"]
[SourceDate "2008.11.26"]
[SourceVersion "1"]
[SourceVersionDate "2008.11.26"]
[SourceQuality "1"]

1. d4 Nf6 2. c4 e5 3. dxe5 Ng4 4. Nf3 Nc6 5. Nc3 Ngxe5 6. Nxe5 Nxe5 7. e4 Bb4 8. Bd2 0-0 9. Be2 c6 10. 0-0 d6 11. a3 Ba5 12. b4 Bb6 13. Rc1 Qh4 14. Be3 Bxe3 15. fxe3 Qg5 16. Qd2 Bh3 17. Rf2 Be6 18. Nd1 Rad8 19. Nb2 d5 20. exd5 cxd5 21. Qd4 dxc4 22. Qf4 Qxf4 23. exf4 Nd3 24. Bxd3 cxd3 25. Rd2 h6 1/2-1/2

[Event "North County CC op 183rd"]
[Site "San Diego"]
[Date "2004.03.12"]
[Round "1"]
[White "Cunningham, Stephen"]
[Black "Ross, Michael"]
[Result "1-0"]
[WhiteElo "1818"]
[BlackElo "1429"]
[PlyCount "39"]
[EventDate "2004.03.12"]
[EventType "swiss"]
[EventRounds "5"]
[EventCountry "USA"]
[SourceTitle "EXT 2009"]
[Source "ChessBase"]
[SourceDate "2008.11.26"]
[SourceVersion "1"]
[SourceVersionDate "2008.11.26"]
[SourceQuality "1"]

1. e4 c5 2. Nf3 Nc6 3. d4 cxd4 4. Nxd4 g6 5. Nxc6 bxc6 6. Qd4 f6 7. Bc4 Qb6 8. Qxb6 axb6 9. 0-0 e5 10. Nc3 Ba6 11. Bxa6 Rxa6 12. Be3 Bb4 13. Bd2 d5 14. Nxd5 cxd5 15. Bxb4 d4 16. c3 dxc3 17. Bxc3 Ne7 18. f4 Nc6 19. fxe5 fxe5 20. Rf6 1-0

[Event "North County CC op 182nd"]
[Site "San Diego"]
[Date "2004.02.20"]
[Round "3"]
[White "Sullivan, Greg"]
[Black "Cunningham, Stephen"]
[Result "1/2-1/2"]
[WhiteElo "1803"]
[BlackElo "1818"]
[PlyCount "46"]
[EventDate "2004.02.06"]
[EventType "swiss"]
[EventRounds "5"]
[EventCountry "USA"]
[SourceTitle "EXT 2009"]
[Source "ChessBase"]
[SourceDate "2008.11.26"]
[SourceVersion "1"]
[SourceVersionDate "2008.11.26"]
[SourceQuality "1"]

1. e4 c5 2. Nf3 Nc6 3. d4 cxd4 4. Nxd4 Nf6 5. Nc3 e6 6. Nxc6 bxc6 7. Bd3 e5 8. 0-0 Be7 9. b3 0-0 10. Bb2 d5 11. exd5 cxd5 12. f3 Bc5+ 13. Kh1 Bd4 14. Na4 Bxb2 15. Nxb2 e4 16. fxe4 Nxe4 17. c4 Qh4 18. Qe1 Qxe1 19. Raxe1 Nf6 20. cxd5 Nxd5 21. Be4 Be6 22. Na4 Rac8 23. Rc1 Ne3 1/2-1/2

[Event "North County CC op 182nd"]
[Site "San Diego"]
[Date "2004.02.06"]
[Round "1"]
[White "Ross, Michael"]
[Black "Cunningham, Stephen"]
[Result "0-1"]
[WhiteElo "1429"]
[BlackElo "1818"]
[PlyCount "88"]
[EventDate "2004.02.06"]
[EventType "swiss"]
[EventRounds "5"]
[EventCountry "USA"]
[SourceTitle "EXT 2009"]
[Source "ChessBase"]
[SourceDate "2008.11.26"]
[SourceVersion "1"]
[SourceVersionDate "2008.11.26"]
[SourceQuality "1"]

1. d4 Nf6 2. Nf3 g6 3. c4 Bg7 4. Bg5 d6 5. Nc3 0-0 6. e3 Nbd7 7. Rc1 c6 8. Be2 Qa5 9. 0-0 e5 10. a3 e4 11. Bxf6 exf3 12. Bxg7 fxe2 13. Nxe2 Kxg7 14. Nf4 Qf5 15. b4 Nf6 16. f3 Qg5 17. g3 Nh5 18. Nxh5+ Qxh5 19. h4 Qf5 20. g4 Qf6 21. g5 Qf5 22. f4 Qg4+ 23. Qxg4 Bxg4 24. Kf2 Bf5 25. Kf3 Rfe8 26. Rfe1 Be4+ 27. Kf2 a5 28. c5 axb4 29. axb4 dxc5 30. bxc5 Ra2+ 31. Re2 Rea8 32. Rxa2 Rxa2+ 33. Ke1 Rh2 34. Rc3 Bd5 35. Ra3 Bc4 36. Rc3 Ba6 37. Kd1 Rxh4 38. Ra3 Bc4 39. Ra7 Bd5 40. Kd2 Rh2+ 41. Kd3 h5 42. gxh6+ Kxh6 43. Rxb7 f5 44. Rb1 Be4+ 0-1